| 000 | 00393nam a22001337a 4500 | ||
|---|---|---|---|
| 082 |
_a954.91 _bZAM |
||
| 100 |
_aZaman, Waheed Uz _936078 |
||
| 245 | _aQuaid-I-Azam Muhammad Ali Jinnah Myth and Reality | ||
| 260 |
_aIslamabad. _bMinistry of Education, _c1976. |
||
| 300 | _a167 pages, | ||
| 526 |
_a0 _b0 _c0 _d954_910000000000000_ZAM |
||
| 650 |
_ahistory of Pakistan _95264 |
||
| 942 |
_2ddc _cBK |
||
| 999 |
_c554425 _d554425 |
||